Greek Alphabet speedrun - Statistics

General Stats
  • This quiz has been taken 15 times
  • The average score is 14 of 24
Answer Stats
Answer % Correct
Alpha
100%
Beta
100%
Gamma
100%
Delta
88%
Epsilon
88%
Lambda
75%
Phi
75%
Mu
63%
Nu
63%
Zeta
63%
Eta
50%
Iota
50%
Kappa
50%
Pi
50%
Psi
50%
Xi
50%
Omega
38%
Omicron
38%
Rho
38%
Theta
38%
Chi
25%
Tau
25%
Upsilon
25%
Sigma
13%
No matching quizzes found
Score Distribution
Percent of People with Each Score
Percentile by Number Answered
Your Score History
You have not taken this quiz